| 000 | 00375nam a22001337a 4500 | ||
|---|---|---|---|
| 082 |
_a530 _bFUN _cL-25:P-16 |
||
| 100 |
_aHussain, Tahir _932967 |
||
| 245 |
_aFundamentals of Physics _cTahir,Hussain, |
||
| 250 | _avolumn 16th | ||
| 260 |
_aLahore _bPunjab Text Book Board Lahore _c1987 |
||
| 526 |
_a0 _b0 _c0 _d530_000000000000000_FUN |
||
| 650 |
_aMCE _9379 |
||
| 942 |
_2ddc _cBK |
||
| 999 |
_c544151 _d544151 |
||